Vài khía cạnh kỹ thuật và kinh tế trong việc dùng máy ấp "Showa Type K400" để ấp trứng vịt
Đã lưu trong:
| Tác giả chính: | |
|---|---|
| Định dạng: | Sách |
| Ngôn ngữ: | Undetermined |
| Được phát hành: |
Cần Thơ
Viện Đại Học Cần Thơ - Trường Cao Đẳng Nông Nghiệp
1973
|
| Những chủ đề: | |
| Các nhãn: |
Thêm thẻ
Không có thẻ, Là người đầu tiên thẻ bản ghi này!
|
| Thư viện lưu trữ: | Trung tâm Học liệu Trường Đại học Cần Thơ |
|---|
| LEADER | 00676nam a2200181Ia 4500 | ||
|---|---|---|---|
| 001 | CTU_33536 | ||
| 008 | 210402s9999 xx 000 0 und d | ||
| 082 | |a 636.5 | ||
| 082 | |b A107 | ||
| 100 | |a Lý Tấn Anh | ||
| 245 | 0 | |a Vài khía cạnh kỹ thuật và kinh tế trong việc dùng máy ấp "Showa Type K400" để ấp trứng vịt | |
| 245 | 0 | |c Lý Tấn Anh | |
| 260 | |a Cần Thơ | ||
| 260 | |b Viện Đại Học Cần Thơ - Trường Cao Đẳng Nông Nghiệp | ||
| 260 | |c 1973 | ||
| 650 | |a ducks - breeding,poultry - breeding | ||
| 904 | |i Minh, 991101 | ||
| 980 | |a Trung tâm Học liệu Trường Đại học Cần Thơ | ||